=LDR 00000nam 2200000 4500 =001 INLIS000000000007971 =005 20130612095906 =008 ***********************************Ind** =035 ##$$0010-061300000007971 =041 ##$$a Ind =082 ##$$a 001.642 =090 ##$$a 001.642, Yog t =100 ##$$a Yogiyanto H.M =245 ##$$a Teori dan aplikasi progam komputer bahasa d base II, Jogiyanto H.M =260 ##$$a 1987 $b Yogyakarta =300 ##$$a xv, 306 hlm, 23 cm =650 ##$$a Komputer program